000 00209 a2200097 4500
001 46692
100 _aTurner J
245 _aFamous air battles
260 _aLondon
_bArthur barker
_c
090 _c29790
_d29790
942 _aNUST-CAE
_cM
_c21991
999 _c281765
_d281765